Without Sporcle: Language Quiz Stats

 Plays Quiz Updated Aug 19, 2019

Support Sporcle.
Go Orange.
Score 0/45 Timer 08:00
4 Plays Today
Hint Answer % Correct
Official National LanguagesVietnamese
94.1%
Official National LanguagesGerman
94.1%
Greek LettersAlpha
93.3%
Greek LettersDelta
93.1%
Parts of SpeechAdjective
92.5%
Parts of SpeechAdverb
92.3%
Greek LettersOmega
92.2%
Official National LanguagesEnglish
92.1%
Parts of SpeechNoun
91.9%
Official National LanguagesFrench
90.2%
Parts of SpeechConjunction
88.2%
French DaysMardi
87.4%
Italian NumbersQuattro
84.6%
Official National LanguagesRomanian
84%
Parts of SpeechInterjection
83.2%
Words Derived from JapaneseSamurai
78.6%
Spanish ColorsVerde
78.5%
Spanish ColorsNegro
78%
German MonthsNovember
77.8%
German MonthsFebruar
77.6%
German MonthsOktober
76.3%
German MonthsDezember
75.8%
Italian NumbersCinque
74%
Hint Answer % Correct
German MonthsApril
73.8%
Words Derived from JapaneseSudoku
70.2%
Spanish ColorsBlanco
65.6%
Words Derived from JapaneseGeisha
65.5%
Common Latin WordsMagna Cum Laude
65%
Common Latin WordsCarpe Diem
64.5%
Words Derived from JapaneseKarate
63.7%
Spanish ColorsAmarillo
63.7%
French DaysDimanche
63.3%
Greek LettersUpsilon
61.7%
Italian NumbersOtto
60.5%
French DaysVendredi
59.7%
French DaysSamedi
59.5%
Greek LettersOmicron
56.6%
French DaysMercredi
53.1%
Words Derived from JapaneseKaraoke
50.8%
Common Latin WordsTabula Rasa
49.7%
Spanish ColorsAnaranjado
46.6%
Common Latin WordsIn Vino Veritas
45.1%
Common Latin WordsTempus Fugit
36.9%
Italian NumbersDieci
34.4%
Italian NumbersCento
21%

You're not logged in!

Compare scores with friends on all Sporcle quizzes.
OR
Log In

From the Vault

Religion Acrostic Puzzle

by bhenderson79

Solving this puzzle won't unravel any great metaphysical mysteries, but it will at least be fun.
Remove Ads.
Support Sporcle.
Get the best of Sporcle when you Go Orange. This ad-free experience offers more features, more stats, and more fun while also helping to support Sporcle. Thank you for becoming a member.

Show Comments

Extras

Top Quizzes Today


Score Distribution

Your Account Isn't Verified!

In order to create a playlist on Sporcle, you need to verify the email address you used during registration. Go to your Sporcle Settings to finish the process.

Report this User

Report this user for behavior that violates our Community Guidelines.

Details: